<?xml version="1.0" encoding="UTF-8"?>
<record
    xmlns:xsi="http://www.w3.org/2001/XMLSchema-instance"
    xsi:schemaLocation="http://www.loc.gov/MARC21/slim http://www.loc.gov/standards/marcxml/schema/MARC21slim.xsd"
    xmlns="http://www.loc.gov/MARC21/slim">

  <leader>01362nam a22001577a 4500</leader>
  <controlfield tag="008">121010t        xxu||||| |||| 00| 0 eng d</controlfield>
  <datafield tag="020" ind1=" " ind2=" ">
    <subfield code="a">9988640269</subfield>
  </datafield>
  <datafield tag="050" ind1=" " ind2=" ">
    <subfield code="a">HF5547.5. A11</subfield>
  </datafield>
  <datafield tag="100" ind1=" " ind2=" ">
    <subfield code="a">Agbelewu, Charity</subfield>
  </datafield>
  <datafield tag="245" ind1=" " ind2=" ">
    <subfield code="a">Aiming at professional excellence: a handbook for professional secretaries, administrative assistants and personal  asiistants. /</subfield>
    <subfield code="c">Charity Agbelewu</subfield>
  </datafield>
  <datafield tag="260" ind1=" " ind2=" ">
    <subfield code="a">Accra:</subfield>
    <subfield code="b">Sonlife Printing Press,</subfield>
    <subfield code="c">c2006.</subfield>
  </datafield>
  <datafield tag="300" ind1=" " ind2=" ">
    <subfield code="a">viii, 90 p.:</subfield>
    <subfield code="b">ill.;</subfield>
    <subfield code="c">21cm</subfield>
  </datafield>
  <datafield tag="505" ind1=" " ind2=" ">
    <subfield code="a">Contents: Introduction -- What makes you important? -- Developing the right attitude -- The Secretary as an assistant -- Organizing yourself and others -- Plan of action -- Monitoring and evaluation -- Office organization process -- Secretary in management -- Team work &amp; human relations -- Performance appraisal -- Secretarial and administrative confidentiality -- Setting priorities -- Time management: daily planning -- Records-keeping -- Report-writing -- Meetings, conferences and committees -- Dealing with moods -- Customer relations -- Communication -- Organogram - organizational chart -- Organizing employment process -- Self development -- Secretarial / administrative excellence -- Appendix 1: The ''Little foxes that spoil your management / administrative vineyard'' -- Appendix 2: Frequently asked questions(FAQ).</subfield>
  </datafield>
  <datafield tag="650" ind1=" " ind2=" ">
    <subfield code="b">Office management.</subfield>
  </datafield>
  <datafield tag="942" ind1=" " ind2=" ">
    <subfield code="2">lcc</subfield>
    <subfield code="c">BK</subfield>
  </datafield>
  <datafield tag="999" ind1=" " ind2=" ">
    <subfield code="c">2416</subfield>
    <subfield code="d">9916</subfield>
  </datafield>
  <datafield tag="952" ind1=" " ind2=" ">
    <subfield code="0">0</subfield>
    <subfield code="1">0</subfield>
    <subfield code="2">lcc</subfield>
    <subfield code="4">0</subfield>
    <subfield code="7">0</subfield>
    <subfield code="a">WIUC-1</subfield>
    <subfield code="b">WIUC-1</subfield>
    <subfield code="c">REF</subfield>
    <subfield code="d">2012-10-10</subfield>
    <subfield code="l">0</subfield>
    <subfield code="o">HF5547.5. A11</subfield>
    <subfield code="p">6419/12</subfield>
    <subfield code="r">2012-10-10 00:00:00</subfield>
    <subfield code="t">1</subfield>
    <subfield code="w">2012-10-10</subfield>
    <subfield code="y">BK</subfield>
  </datafield>
  <datafield tag="952" ind1=" " ind2=" ">
    <subfield code="0">0</subfield>
    <subfield code="1">0</subfield>
    <subfield code="2">lcc</subfield>
    <subfield code="4">0</subfield>
    <subfield code="7">0</subfield>
    <subfield code="a">WIUC-1</subfield>
    <subfield code="b">WIUC-1</subfield>
    <subfield code="c">REF</subfield>
    <subfield code="d">2012-10-10</subfield>
    <subfield code="l">0</subfield>
    <subfield code="o">HF5547.5. A111</subfield>
    <subfield code="p">6420/12</subfield>
    <subfield code="r">2012-10-10 00:00:00</subfield>
    <subfield code="t">2</subfield>
    <subfield code="w">2012-10-10</subfield>
    <subfield code="y">BK</subfield>
  </datafield>
  <datafield tag="952" ind1=" " ind2=" ">
    <subfield code="0">0</subfield>
    <subfield code="1">0</subfield>
    <subfield code="2">lcc</subfield>
    <subfield code="4">0</subfield>
    <subfield code="7">0</subfield>
    <subfield code="a">WIUC-1</subfield>
    <subfield code="b">WIUC-1</subfield>
    <subfield code="c">REF</subfield>
    <subfield code="d">2012-10-10</subfield>
    <subfield code="l">0</subfield>
    <subfield code="o">HF5547.5. A112</subfield>
    <subfield code="p">6421/12</subfield>
    <subfield code="r">2012-10-10 00:00:00</subfield>
    <subfield code="t">3</subfield>
    <subfield code="w">2012-10-10</subfield>
    <subfield code="y">BK</subfield>
  </datafield>
  <datafield tag="952" ind1=" " ind2=" ">
    <subfield code="0">0</subfield>
    <subfield code="1">0</subfield>
    <subfield code="2">lcc</subfield>
    <subfield code="4">0</subfield>
    <subfield code="7">0</subfield>
    <subfield code="a">WIUC-1</subfield>
    <subfield code="b">WIUC-1</subfield>
    <subfield code="c">REF</subfield>
    <subfield code="d">2012-10-10</subfield>
    <subfield code="l">0</subfield>
    <subfield code="o">HF5547.5. A113</subfield>
    <subfield code="p">6422/12</subfield>
    <subfield code="r">2012-10-10 00:00:00</subfield>
    <subfield code="t">4</subfield>
    <subfield code="w">2012-10-10</subfield>
    <subfield code="y">BK</subfield>
  </datafield>
</record>
